Deutsche Zeitung für Spanien = (Record no. 979)

MARC details
000 -LEADER
campo de control de longitud fija 00695nas a2200205 i 4500
001 - NÚMERO DE CONTROL
campo de control 979
003 - IDENTIFICADOR DE NÚMERO DE CONTROL
campo de control ES-MaACL
005 - FECHA Y HORA DE LA ÚLTIMA TRANSACCIÓN
campo de control 20250217134012.0
008 - DATOS DE LONGITUD FIJA--INFORMACIÓN GENERAL
campo de control de longitud fija 950801d19161988sp s| | 1 ||pa d
245 00 - MENCIÓN DEL TÍTULO
Título Deutsche Zeitung für Spanien =
Resto del título Revista alemana de España.
260 ## - PUBLICACIÓN, DISTRIBUCIÓN, ETC.
Lugar de publicación, distribución, etc. Barcelona :
Nombre del editor, distribuidor, etc. Deutsche Zeitung für Spanien,
Fecha de publicación, distribución, etc. 1916-[ca. 1988] (
Fabricante [Tip. del Centro de Administración Municipal])
300 ## - DESCRIPCIÓN FÍSICA
Extensión 16 v. ;
Dimensiones 31 cm.
310 ## - PERIODICIDAD ACTUAL
Periodicidad actual Quincenal
362 0# - FECHAS DE PUBLICACIÓN Y/O DESIGNACIÓN SECUENCIAL
Fecha de publicación y/o designación secuencial Año I (1916)-[ca. 1988]
546 ## - NOTA DE IDIOMA
Nota de lengua/lenguaje Textos en alemán o español.
650 14 - PUNTO DE ACCESO ADICIONAL DE MATERIA--TÉRMINO DE MATERIA
Término de materia o nombre geográfico como elemento de entrada Revistas de información general.
9 (RLIN) 16896
852 ## - LOCALIZACIÓN
Ubicación ES-MaACL
Número de control de estantería Hem-473
866 #0 - MENCIÓN TEXTUAL DE FONDOS--UNIDAD BIBLIOGRÁFICA BÁSICA
Fondos 1923-32,1934-35(1936),1944-1950.
Holdings
Estatus retirado Estado de pérdida Estado de daño No para préstamo Colección Biblioteca de origen Biblioteca actual Ubicación en estantería Fecha de adquisición Fuente de adquisición Total de préstamos Signatura topográfica completa Código de barras Visto por última vez Precio de reemplazo Tipo de ítem Koha
        Periódicos y Revistas Biblioteca del Ateneo de Madrid Biblioteca del Ateneo de Madrid Depósito 1 17/01/2008     Hem-473 1000998 23/02/2023 23/02/2023 Revista